Statistics for Mystery Taylor Swift Song #58

Click here to take the quiz!

General Stats

  • This quiz has been taken 165 times
  • The average score is 73 of 132

Answer Stats

Song% Correct
Taylor Swift
89%
I
87%
a
85%
me
82%
my
82%
the
82%
on
79%
to
79%
he
77%
love
76%
That
76%
and
75%
in
75%
so
75%
it
73%
be
72%
for
72%
when
71%
it's
69%
all
67%
at
67%
do
67%
I'm
66%
can
65%
of
65%
see
64%
don't
63%
if
63%
know
63%
we
63%
with
63%
as
62%
could
62%
should
62%
teardrops
62%
why
62%
Look
61%
can't
60%
guitar
60%
there
60%
her
59%
he's
59%
one
59%
only
59%
song
59%
by
58%
get
58%
him
58%
reason
57%
cause
56%
have
56%
smile
56%
about
55%
Drew
55%
got
55%
I'll
55%
keep
55%
looks
55%
star
55%
Teardrops On My Guitar
55%
thing
55%
think
55%
But
54%
car
54%
fake
54%
out
54%
eyes
53%
picture
53%
won't
53%
beautiful
52%
girl
52%
keeps
52%
night
52%
she's
52%
tell
52%
want
52%
wish
52%
wishing
52%
everything
50%
his
50%
some
50%
talks
50%
those
50%
live
49%
right
49%
even
48%
give
48%
heart
48%
knows
48%
laugh
48%
says
48%
singing
48%
wonder
48%
bet
47%
breathe?
47%
goes
47%
kind
47%
need
47%
walks
47%
without
47%
down
46%
funny
46%
never
46%
finally
45%
lucky
45%
perfectly
45%
up
45%
maybe
44%
put
44%
sleep
44%
tonight
44%
break
43%
enough
43%
flawless
43%
alone
42%
better
42%
hold
42%
home
42%
into
41%
tight
41%
who's
41%
drive
40%
light
40%
time
40%
anyone
39%
turn
39%
She'd
37%
needing
36%
fall
33%
there's
32%
damn
31%
taken
25%

Score Distribution

Percentile by Number Answered

Percent of People with Each Score

Your Score History

You have not taken this quiz